000
00319nam a22001457a 4500
008
230508b ||||| |||| 00| 0 eng d
020
_a
9791576077701
041
_a
eng
080
_2
VOLUME 1,2,3
_a
030
082
_a
030GIN
100
_a
40
101
_a
ENCI
245
_a
SOUTHEAST ASIA
_c
GIN.K.O
942
_2
udc
_c
BK
999
_c
59680
_d
59680